=LDR 00000nam 2200000 4500 =001 INLIS000000000810422 =005 20251208012623 =035 ##$$a 0010-1225000060 =007 ta =008 251208###########################0###### =020 ##$$a 9789799795552 =082 ##$$a 297.09 =084 ##$$a 297.09 SIR s =245 ##$$a Sumbangan Peradaban Islam pada Dunia /$c Prof. Dr. Raghib As-Sirjani =260 ##$$a Jakarta : :$b Pustaka Al Kautsar =300 ##$$a 880 hlm ; $c 16 × 24.5 × 3 cm